Fonología española

Uloženo v:
Podrobná bibliografie
Hlavní autor: Alarcos Llorach, Emilio (Autor)
Médium: Kniha
Jazyk:španělština
Vydáno: Madrid Gredos 1961
Edice:Biblioteca Románica Hispánica. Manuales, 1
Témata:
Tagy: Přidat tag
Žádné tagy, Buďte první, kdo vytvoří štítek k tomuto záznamu!

MARC

LEADER 00000nam a2200000 a 4500
001 UCQ3219
003 CL-VaPUC
008 980817e19610000SP |||||||||||||||||spa|d
082 0 4 |a 461  |b ALA  |2 21 
100 0 |a Alarcos Llorach, Emilio  |e author  |9 417250 
245 1 0 |a Fonología española 
300 |a 282 p 
942 |c BK 
945 |d 19980817 00:00:00  |a crobeson 
260 |a Madrid  |b Gredos  |c 1961 
650 0 |a Fonología   |9 341074 
650 0 |a Fonética  |9 308371 
650 0 |a Español  |9 255372 
650 7 |a PRONUNCIACION  |2 CL-VaPUC  |9 371723 
650 7 |a LINGUISTICA DESCRIPTIVA  |2 CL-VaPUC  |9 417251 
583 |a last modification  |c 19980817 00:00:00  |k Rodrigo Vera 
490 0 |a Biblioteca Románica Hispánica. Manuales, 1 
999 |c 273817  |d 273815 
952 |0 0  |1 0  |4 0  |6 461_000000000000000_ALA_1961  |7 0  |8 A  |9 309701  |a BIBEDU  |b BIBEDU  |d 2019-11-20  |i 1452754  |o 461 ALA 1961  |p 1452754  |r 2019-11-20  |w 2019-11-20  |y BK  |k LIT